[Event "50th TCh-DEN XtraCon 2011-12"]
[Site "Denmark DEN"]
[Date "2012.01.29"]
[Round "6.7"]
[White "Jakobsen,P"]
[Black "Naes,F"]
[Result "1-0"]
[WhiteElo "2230"]
[BlackElo "2260"]

1.d4 Nf6 2.c4 g6 3.Nc3 d5 4.cxd5 Nxd5 5.e4 Nxc3 6.bxc3 Bg7 7.Bc4 c5 8.Be3 Nc6
9.Ne2 O-O 10.O-O Bg4 11.f3 Na5 12.Bd3 cxd4 13.cxd4 Be6 14.Rc1 b6 15.d5 Bd7
16.Nd4 Qb8 17.Qe2 Qd6 18.Nb5 Bxb5 19.Bxb5 Rac8 20.Ba6 Rxc1 21.Rxc1 Be5 22.g3 e6
23.f4 Bg7 24.dxe6 Qxe6 25.e5 Rd8 26.Rc7 Qd5 27.Rxa7 Nc6 28.Rc7 Nd4 29.Qc4 Ne6
30.Qxd5 Rxd5 31.Rc8+ Bf8 32.Bc4 Rd1+ 33.Kf2 Kg7 34.Bxb6 Rd2+ 35.Kf3 Rxh2
36.a4 Bb4 37.a5 Bxa5 38.Bxa5 Nd4+ 39.Ke4 Nf5 40.g4 Ng3+ 41.Kf3 Nh1 42.Rc7  1-0

[Event "ch-TUR 2012"]
[Site "Kemer TUR"]
[Date "2012.01.29"]
[Round "1"]
[White "Bulgurlu,Okan"]
[Black "Citak,S"]
[Result "0-1"]
[WhiteElo "1739"]
[BlackElo "2390"]

1.d4 Nf6 2.c4 g6 3.Nc3 d5 4.cxd5 Nxd5 5.e4 Nxc3 6.bxc3 Bg7 7.Bc4 c5 8.Ne2 O-O
9.O-O Nc6 10.Be3 cxd4 11.cxd4 Na5 12.Bd3 b6 13.Rc1 e6 14.Qd2 Bb7 15.Rfd1 Qd7
16.Nc3 Rac8 17.e5 Nc4 18.Qe2 Nxe3 19.Qxe3 Rfd8 20.Be2 a6 21.Bf3 Bxf3 22.Qxf3 Bxe5
23.dxe5 Rxc3 24.Qxc3 Qxd1+ 25.Qe1 Rd2 26.Ra1 b5 27.Kf1 b4 28.h3 a5  0-1

[Event "ch-TUR 2012"]
[Site "Kemer TUR"]
[Date "2012.01.29"]
[Round "2"]
[White "Cosan,Gokmen"]
[Black "Firat,B"]
[Result "0-1"]
[WhiteElo "1928"]
[BlackElo "2396"]

1.d4 Nf6 2.c4 g6 3.Nc3 d5 4.cxd5 Nxd5 5.e4 Nxc3 6.bxc3 Bg7 7.Bc4 c5 8.Ne2 Nc6
9.Be3 O-O 10.O-O Qc7 11.Qc1 Rd8 12.Rd1 Na5 13.Bd3 Bd7 14.d5 c4 15.Bc2 e6
16.Bf4 e5 17.Be3 Qd6 18.a4 b6 19.Qa3 Qxa3 20.Rxa3 Bf8 21.Ra2 f6 22.h3 Rac8
23.Rb1 Nb7 24.f3 Bc5 25.Kf2 Kg7 26.Bxc5 Rxc5 27.Ke3 f5 28.Ng1 f4+ 29.Kd2 g5
30.Ne2 h5 31.Raa1 Kf6 32.Rb4 Rh8 33.Rh1 Nd6 34.Rbb1 Ra5 35.Ra1 Rg8 36.Nd4 exd4
37.cxd4 Ke7 38.Kc3 Rc8 39.Rhe1 Ne8 40.Reb1 Nc7 41.Rb4 Rxd5 42.Rxc4 b5 43.Rc5 Rxc5+
44.dxc5 b4+ 45.Kd4  0-1

[Event "80th ch-St Petersburg SF w"]
[Site "St Petersburg RUS"]
[Date "2012.01.29"]
[Round "2.6"]
[White "Toporkova,S"]
[Black "Zavgorodniaya,A"]
[Result "0-1"]
[WhiteElo "1643"]
[BlackElo "1873"]

1.d4 Nf6 2.c4 g6 3.Nc3 d5 4.cxd5 Nxd5 5.e4 Nxc3 6.bxc3 Bg7 7.Nf3 O-O 8.Be2 c5
9.O-O Nc6 10.Bb2 Qc7 11.Qc1 Bg4 12.Kh1 Bxf3 13.Bxf3 Rac8 14.Bg4 Rcd8 15.d5 Ne5
16.Be2 c4 17.f4 Nd7 18.Qe3 Rfe8 19.Rad1 b5 20.f5 Qa5 21.fxg6 hxg6 22.d6 exd6
23.Rxd6 Ne5 24.Rd5 a6 25.a3 Rxd5 26.exd5 Qd8 27.Qc5 Qh4 28.d6 Qe4 29.Bf3 Nxf3
30.gxf3 Qd3 31.Kg1 Re5 32.Qc8+ Kh7 33.Bc1 Qxd6 34.Qg4 Rh5 35.Qf4 Qxf4 36.Bxf4 Bxc3
37.Rd1 Rf5 38.Bg3 Rxf3 39.Rd6 Bb2 40.Rxa6 Bxa3 41.Ra5 Rb3 42.Ra7  0-1

[Event "Gibraltar Open"]
[Site "Caleta ENG"]
[Date "2012.01.30"]
[Round "7.102"]
[White "Dolgova,O"]
[Black "Dimitrijevic,Dragan"]
[Result "1-0"]
[WhiteElo "2206"]
[BlackElo "1937"]

1.d4 Nf6 2.c4 g6 3.Nc3 d5 4.cxd5 Nxd5 5.e4 Nxc3 6.bxc3 Bg7 7.Bc4 O-O 8.Ne2 c5
9.O-O Nc6 10.Be3 cxd4 11.cxd4 Bg4 12.f3 Na5 13.Bxf7+ Rxf7 14.fxg4 Rxf1+ 15.Kxf1 Qd7
16.h3 Rc8 17.Rc1 Nc4 18.Qd3 b5 19.Kf2 e5 20.d5 Bf8 21.Kg3 a6 22.Ng1 a5 23.Nf3 Bd6
24.Bh6 Bc5 25.a4 Nd6 26.axb5 Nf7 27.Bd2 Qa7 28.Be3 Qe7 29.Bxc5 Rxc5 30.Qa3 Rc7
31.Qxe7 Rxe7 32.Rc6 Rb7 33.b6 a4 34.Nd2 a3 35.Nc4 a2 36.Rc8+ Kg7 37.Ra8 Ng5
38.Rxa2 Nxe4+ 39.Kf3 Ng5+ 40.Ke3 Kh6 41.Ra7 Ne6 42.Rxb7 Nc7 43.Rxc7  1-0

[Event "ch-TUR 2012"]
[Site "Kemer TUR"]
[Date "2012.01.31"]
[Round "4"]
[White "Ersahin,B"]
[Black "Firat,B"]
[Result "1/2-1/2"]
[WhiteElo "2167"]
[BlackElo "2396"]

1.d4 Nf6 2.c4 g6 3.Nc3 d5 4.cxd5 Nxd5 5.e4 Nxc3 6.bxc3 Bg7 7.Bc4 c5 8.Ne2 Nc6
9.Be3 O-O 10.O-O Bg4 11.f3 Bd7 12.Rc1 Rc8 13.Qd2 a6 14.Rfd1 Na5 15.Bd3 Ba4
16.Re1 Bb5 17.Bxb5 axb5 18.Bh6 Nc4 19.Qg5 Bxh6 20.Qxh6 cxd4 21.cxd4 Qb6 22.Kh1 Ra8
23.Rc2 Rfd8 24.Rec1 Ra3 25.h4 Qf6 26.Nc3 Qb6 27.Qg5 Rxd4 28.Qxe7 Ra8 29.Nd5 Qd8
30.Qxd8+ Rxd8 31.a4 Na3 32.Rc8  1/2-1/2

[Event "Moscow Open Women 2012"]
[Site "Moscow RUS"]
[Date "2012.01.31"]
[Round "4.33"]
[White "Aseeva,A"]
[Black "Nikitina,E"]
[Result "1/2-1/2"]
[WhiteElo "1981"]
[BlackElo "2104"]

1.d4 Nf6 2.c4 g6 3.Nc3 d5 4.cxd5 Nxd5 5.e4 Nxc3 6.bxc3 Bg7 7.Bc4 c5 8.Be3 cxd4
9.cxd4 Nc6 10.Ne2 O-O 11.O-O Bg4 12.f3 Na5 13.Bd3 Bd7 14.Rc1 b6 15.Qd2 Rc8
16.Bf4 Re8 17.Ba6 Rxc1 18.Rxc1 e5 19.dxe5 b5 20.Rd1 Re7 21.Bg5 Qb6+ 22.Kh1 Nc4
23.Qd4 Qxd4 24.Rxd4 Rxe5 25.Bf4 Re7 26.Rd5 Nb6 27.Rd2 f5 28.Bg5 Re8 29.exf5 gxf5
30.h3 Bc6 31.Rc2 Bd7 32.Rd2 Bc6 33.Rc2 Re6 34.Ng3 Bd7 35.Nh5 h6 36.Nxg7 Kxg7
37.Bd8 Bc6 38.Bxb6 axb6 39.Bc8 Rf6 40.Bxf5 Bxf3 41.Rc7+ Kf8 42.Bd3 Bd5 43.Bxb5 Bxa2
44.Ra7 Bd5 45.Rd7 Be4 46.Rd4  1/2-1/2

[Event "Moscow Open 2012 A"]
[Site "Moscow RUS"]
[Date "2012.01.31"]
[Round "4.18"]
[White "Krylov,M RUS"]
[Black "Khairullin,I"]
[Result "1/2-1/2"]
[WhiteElo "2490"]
[BlackElo "2638"]

1.d4 Nf6 2.c4 g6 3.Nc3 d5 4.cxd5 Nxd5 5.e4 Nxc3 6.bxc3 Bg7 7.Nf3 c5 8.Rb1 O-O
9.Be2 Nc6 10.d5 Ne5 11.Nxe5 Bxe5 12.Qd2 e6 13.f4 Bc7 14.O-O exd5 15.exd5 Ba5
16.d6 b6 17.Bf3 Rb8 18.Bb2 Bf5 19.Rbe1 b5 20.g4 Be6 21.f5 gxf5 22.Qh6 c4
23.Re5 Qxd6 24.Qg5+ Kh8 25.Qf6+ Kg8 26.Qg5+ Kh8 27.Qf6+ Kg8 28.Qg5+  1/2-1/2

[Event "Moscow Open 2012 A"]
[Site "Moscow RUS"]
[Date "2012.01.31"]
[Round "4.14"]
[White "Svetushkin,D"]
[Black "Tsydypov,Z"]
[Result "1-0"]
[WhiteElo "2598"]
[BlackElo "2321"]

1.d4 Nf6 2.c4 g6 3.Nc3 d5 4.cxd5 Nxd5 5.e4 Nxc3 6.bxc3 Bg7 7.Bc4 c5 8.Ne2 O-O
9.O-O Nc6 10.Be3 Qc7 11.Rc1 Rd8 12.Bf4 e5 13.Bg5 Rd6 14.Bd5 Be6 15.dxc5 Rd7
16.Be3 Bf8 17.c4 Nb4 18.a3 Na6 19.c6 bxc6 20.Qa4 Nc5 21.Bxc5 Bxc5 22.Bxc6 Rb8
23.Bxd7 Bxd7 24.Qa6 Bc8 25.Qf6 Bxa3 26.c5 Bxc1 27.Rxc1 Be6 28.h4 h5 29.Ng3 Kh7
30.Qg5 Rb5 31.c6 Rb6 32.Nxh5 gxh5 33.Qxh5+ Kg7 34.Qg5+ Kf8 35.Rd1 Rb8 36.h5 Qxc6
37.h6  1-0

[Event "Gibraltar Open"]
[Site "Caleta ENG"]
[Date "2012.02.01"]
[Round "9.120"]
[White "Gallach Perez,Y"]
[Black "Nwachukwu,Chino"]
[Result "0-1"]
[WhiteElo "1843"]
[BlackElo "1926"]

1.d4 Nf6 2.c4 g6 3.Nc3 d5 4.cxd5 Nxd5 5.e4 Nxc3 6.bxc3 Bg7 7.Bc4 c5 8.Ne2 Nc6
9.Be3 O-O 10.O-O Na5 11.Bd3 b6 12.Qd2 e5 13.d5 Nb7 14.Bh6 Nd6 15.Bxg7 Kxg7
16.f4 Qe7 17.f5 f6 18.g4 g5 19.Ng3 Bd7 20.Qe2 Rfc8 21.c4 b5 22.Rfc1 a6 23.Qd2 Kf7
24.Kf2 bxc4 25.Bxc4 Bb5 26.Be2 Qa7 27.Qe3 Rc7 28.Rc3 Bxe2 29.Nxe2 c4 30.Qxa7 Raxa7
31.Ke3 Rab7 32.Rac1 Rb2 33.R1c2 Rcb7 34.Ng3 a5 35.Kd2 Ke7 36.Ke3 a4 37.Kd2 R2b4
38.Ke3 Rc7 39.Rf2 Nb5 40.Rc1 a3 41.Ne2 c3 42.Kd3 Rb2 43.Rc2 Rb4 44.Nxc3 Rd4+  0-1

[Event "Gibraltar Open"]
[Site "Caleta ENG"]
[Date "2012.02.01"]
[Round "9.3"]
[White "Svidler,P"]
[Black "Negi,P"]
[Result "1/2-1/2"]
[WhiteElo "2749"]
[BlackElo "2641"]

1.d4 Nf6 2.c4 g6 3.Nc3 d5 4.cxd5 Nxd5 5.e4 Nxc3 6.bxc3 Bg7 7.Be3 c5 8.Rc1 Qa5
9.Qd2 cxd4 10.cxd4 Qxd2+ 11.Bxd2 O-O 12.Nf3 e6 13.h4 Nc6 14.e5 Rd8 15.Bg5 Re8
16.Be3 h6 17.Bd3 Bd7 18.Rb1 b6 19.Ke2 Bc8 20.Rhc1 Bb7 21.Nd2 Red8 22.Rc4 Rac8
23.Ra4 Bf8 24.g4 Rc7 25.Ne4 Na5 26.Bd2 Nc6 27.Be3 Na5 28.Bd2 Nc6  1/2-1/2

[Event "Gibraltar Open"]
[Site "Caleta ENG"]
[Date "2012.02.01"]
[Round "9.78"]
[White "Pettersson,Anders1"]
[Black "Eriksen,M"]
[Result "1/2-1/2"]
[WhiteElo "2219"]
[BlackElo "2076"]

1.d4 Nf6 2.c4 g6 3.Nc3 d5 4.cxd5 Nxd5 5.e4 Nxc3 6.bxc3 Bg7 7.Bc4 c5 8.Ne2 Nc6
9.Be3 O-O 10.O-O Bg4 11.f3 Bd7 12.Rb1 Qc7 13.Bd3 Rad8 14.Qb3 Bc8 15.d5 Ne5
16.c4 f5 17.Nc1 e6 18.Be2 fxe4 19.f4 Nf7 20.dxe6 Nd6 21.e7 Qxe7 22.Bxc5 Kh8
23.Qa3 b6 24.Be3 Qf7 25.c5 Nf5 26.Bf2 e3 27.Be1 Nd4 28.cxb6 axb6 29.Bc3 Qd5
30.Bxd4 Qxd4 31.Nb3 Qe4 32.Qa7 Qe6 33.Rbc1 Rd7 34.Rc7 Rxc7 35.Qxc7 Qf6 36.Qc1 Qe7
37.Qc6 Qb4 38.Qf3 Qe7 39.Qc6 Qb4 40.Qf3 Qe7 41.Qc6  1/2-1/2

[Event "ch-TUR 2012"]
[Site "Kemer TUR"]
[Date "2012.02.01"]
[Round "6"]
[White "Simsek,C"]
[Black "Bilgin,M"]
[Result "0-1"]
[WhiteElo "2079"]
[BlackElo "1868"]

1.d4 Nf6 2.c4 g6 3.Nc3 d5 4.cxd5 Nxd5 5.e4 Nxc3 6.bxc3 Bg7 7.Be3 c5 8.Bc4 O-O
9.Ne2 Nc6 10.O-O Qc7 11.Rc1 Rd8 12.Qd2 e5 13.d5 Na5 14.Bd3 c4 15.Bb1 b5 16.Kh1 Nb7
17.Bh6 f6 18.Bxg7 Qxg7 19.f4 Nd6 20.fxe5 fxe5 21.Qg5 Bd7 22.Ng1 Rf8 23.Rxf8+ Rxf8
24.Nf3 Re8 25.h3 Qe7 26.Qg3 a5 27.h4 b4 28.Nd2 Bb5 29.Bc2 Rf8 30.Rf1 Rxf1+
31.Nxf1 b3 32.Bb1 bxa2 33.Bxa2 Nxe4 34.Qe1 Nd6 35.Ne3 e4 36.Qg3  0-1

[Event "Gibraltar Open"]
[Site "Caleta ENG"]
[Date "2012.02.02"]
[Round "10.14"]
[White "Del Rio de Angelis,S"]
[Black "Gupta,Ab"]
[Result "1/2-1/2"]
[WhiteElo "2531"]
[BlackElo "2652"]

1.d4 Nf6 2.c4 g6 3.Nc3 d5 4.cxd5 Nxd5 5.e4 Nxc3 6.bxc3 Bg7 7.Nf3 c5 8.Rb1 O-O
9.Be2 b6 10.O-O Qc7 11.Bg5 Bb7 12.d5 Bxc3 13.Bc4 Bg7 14.Qe2 Re8 15.Bh4 Nd7
16.Bg3 Ne5 17.Kh1 Rf8 18.a4 Kh8 19.a5 f6 20.Nxe5 fxe5 21.Qb2 Rfb8 22.axb6 axb6
23.Qxb6 Qc8 24.h3 Bf6 25.Qe6 Qxe6 26.dxe6 Bxe4 27.Rbe1 Bc6 28.Bxe5 Rf8 29.Bxf6+ Rxf6
30.Re5 Ra5 31.Kg1 Rf5 32.Rfe1 Ra4 33.Rxf5 gxf5 34.Bd3 f4 35.Rc1 Ra5 36.Kh2 Bd5
37.Bc4 Be4 38.g3 Kg7 39.gxf4 Kf6 40.Rc3 Bf5 41.Re3 Ra4 42.Rc3 Ra8 43.Re3 Ra1
44.Rc3 Rd1 45.Kg3 Rd2 46.Re3 Rc2 47.Bd3 Bxd3 48.Rxd3 Kxe6 49.Kf3 Rb2 50.Re3+ Kd6
51.f5 c4 52.Re6+ Kd7 53.Ke3 c3 54.Kd3 Rxf2 55.Kxc3 h5 56.Re5 Rf3+ 57.Kd4 Rxh3
58.Re6 h4 59.Rh6 Rh1 60.Ke3 h3 61.Kf2 Ke8 62.Kg3 Rf1 63.Kg4 Rg1+ 64.Kf4 Rh1
65.Kg3 Kf7 66.Rxh3 Rxh3+ 67.Kxh3 Kf6 68.Kg4 e5 69.fxe6 Kxe6  1/2-1/2

[Event "Gibraltar Open"]
[Site "Caleta ENG"]
[Date "2012.02.02"]
[Round "10.111"]
[White "Neumanova,M"]
[Black "Nwachukwu,Chino"]
[Result "0-1"]
[WhiteElo "1696"]
[BlackElo "1926"]

1.d4 Nf6 2.c4 g6 3.Nc3 d5 4.cxd5 Nxd5 5.e4 Nxc3 6.bxc3 Bg7 7.Nf3 c5 8.Rb1 O-O
9.Be2 b6 10.O-O Nc6 11.d5 Ne5 12.c4 f5 13.exf5 Bxf5 14.Rb3 Qd6 15.Bb2 Nxf3+
16.Bxf3 Rad8 17.Bxg7 Kxg7 18.Ra3 a5 19.Qa1+ Qf6 20.Rb3 Rd6 21.Qc1 h5 22.Re3 e6
23.dxe6 Bxe6 24.Bb7 Rf7 25.Ba6 Bf5 26.h3 Bd7 27.Qc2 Bc6 28.Bb5 Re7 29.Rxe7+ Qxe7
30.Qc3+ Qf6 31.Qxf6+ Kxf6 32.Re1 Bxb5 33.cxb5 Rd2 34.Re8 Rxa2 35.Rb8 Rb2
36.Rxb6+ Kf5 37.f3 h4 38.Rb8 Kf4 39.Kh2 a4 40.Ra8 Rxb5 41.Rxa4+ Rb4 42.Ra6 g5
43.Re6 Rd4 44.Rf6+ Ke5 45.Rg6 Kf5 46.Rc6 Rd5 47.Rc8 Kf4 48.Re8 Re5 49.Rc8 Ke3
50.Kg1 Ke2 51.Ra8 c4 52.Ra2+ Kd3 53.Kf1 c3 54.Ra6 c2 55.Rd6+ Kc4 56.Rc6+ Rc5  0-1

[Event "ch-TUR 2012"]
[Site "Kemer TUR"]
[Date "2012.02.02"]
[Round "7"]
[White "Arslan,Erda"]
[Black "Kulles,Gurel"]
[Result "1-0"]
[WhiteElo "2046"]
[BlackElo "1741"]

1.d4 Nf6 2.c4 g6 3.Nc3 d5 4.cxd5 Nxd5 5.e4 Nxc3 6.bxc3 Bg7 7.Nf3 O-O 8.Be2 c5
9.O-O Bg4 10.Be3 Nc6 11.d5 Bxf3 12.Bxf3 Ne5 13.Be2 Nd7 14.Rb1 Qc7 15.c4 b6
16.f4 g5 17.fxg5 Qe5 18.Bd3 f5 19.gxf6 Nxf6 20.Rf5 Qc3 21.Rb3 Qa5 22.Rg5 Nd7
23.Bd2 Qxa2 24.Bb1 Qa4 25.Rxg7+  1-0

[Event "Moscow Open 2012 A"]
[Site "Moscow RUS"]
[Date "2012.02.02"]
[Round "6.26"]
[White "Ulko,J"]
[Black "Rakhmanov,Ale"]
[Result "0-1"]
[WhiteElo "2476"]
[BlackElo "2593"]

1.d4 Nf6 2.c4 g6 3.Nc3 d5 4.cxd5 Nxd5 5.e4 Nxc3 6.bxc3 Bg7 7.Be3 c5 8.Qd2 Nd7
9.e5 cxd4 10.cxd4 Nb6 11.h4 h5 12.Rc1 O-O 13.Bd3 Be6 14.Ne2 Nd5 15.Bg5 Qd7
16.O-O Rfc8 17.Be4 Kf8 18.Qa5 a6 19.Qa3 Kg8 20.Qa5 Bf8 21.Qd2 Rxc1 22.Rxc1 Rc8
23.Rxc8 Qxc8 24.Bh6 Qc4 25.Bxf8 Kxf8 26.a3 Ke8 27.Bxd5 Bxd5 28.Nf4 Kd7 29.Kh2 b6
30.Qe3 a5 31.Qh3+ Kc7 32.Qe3 Kd7 33.Qh3+ Kc7 34.Qe3 Kc6 35.Qh3 Qxd4 36.Qc8+ Kb5
37.Qd7+ Kc4 38.Qc7+ Qc5 39.Qd8 Qd4 40.Qc7+ Qc5 41.Qd8 e6 42.Kg1 Qxa3 43.Qc7+ Kb5
44.Nxd5 exd5 45.Qd7+ Kc4 46.Qc7+ Kd3 47.Kh2 Qc3 48.Qd6 Qd4 49.Qf6 a4 50.Kg1 Qa1+
51.Kh2 a3 52.f4 Qd4 53.Qxf7 a2 54.Qa7 a1=Q  0-1

[Event "17th HIT Open A"]
[Site "Nova Gorica SLO"]
[Date "2012.02.02"]
[Round "9"]
[White "Solomon,K"]
[Black "Skok,J"]
[Result "0-1"]
[WhiteElo "2461"]
[BlackElo "2019"]

1.d4 Nf6 2.c4 g6 3.Nc3 d5 4.cxd5 Nxd5 5.e4 Nxc3 6.bxc3 Bg7 7.Be3 c5 8.Nf3 O-O
9.Be2 Nc6 10.O-O cxd4 11.cxd4 Bg4 12.d5 Ne5 13.Nxe5 Bxe2 14.Qxe2 Bxe5 15.Rab1 b6
16.Rbc1 Qd7 17.f4 Bg7 18.Rcd1 Rac8 19.e5 Qa4 20.Rc1 Qe4 21.Qd2 Rfd8 22.d6 exd6
23.exd6 Rxc1 24.Rxc1 Bf8 25.Qd4 Qxd4 26.Bxd4 Rxd6 27.Be3 f6 28.Kf2 Kf7 29.Kf3 Rd7
30.Rc8  0-1

[Event "Moscow Open E 2012"]
[Site "Moscow RUS"]
[Date "2012.02.03"]
[Round "7"]
[White "Drozdova,D"]
[Black "Pustovoitova,D"]
[Result "0-1"]
[WhiteElo "2242"]
[BlackElo "2303"]

1.d4 Nf6 2.c4 g6 3.Nc3 d5 4.cxd5 Nxd5 5.e4 Nxc3 6.bxc3 Bg7 7.Bb5+ c6 8.Ba4 O-O
9.Ne2 b6 10.O-O Ba6 11.Be3 Qc7 12.Rc1 Nd7 13.Re1 Rad8 14.Qc2 c5 15.Qb1 e5
16.Bb5 Bc8 17.f4 exf4 18.Bxf4 Qb7 19.Bd6 Rfe8 20.e5 Bh6 21.Rcd1 a6 22.Bc4 b5
23.Bb3 c4 24.Bc2 Nf6 25.Ng3 Nd5 26.Be4 Be6 27.Bf3 Qc8 28.Ne4 Bf5 29.Qb2 Bxe4
30.Bxe4 Ne3 31.Qb1 Nxd1 32.Qxd1 Bf8 33.Bxf8 Kxf8 34.Qf3 Kg8 35.Bd5 Re7 36.Rf1 Qd7
37.Qf6 Qc7 38.Be4 b4 39.Bf5 bxc3 40.e6 c2 41.exf7+ Rxf7 42.Be6 Rd7 43.d5 Re7
44.g3 Qb6+ 45.Kg2 Qxe6  0-1

[Event "ch-TUR 2012"]
[Site "Kemer TUR"]
[Date "2012.02.04"]
[Round "9"]
[White "Arslan,Erda"]
[Black "Bacak,Mumammed Kaan"]
[Result "0-1"]
[WhiteElo "2046"]
[BlackElo "1828"]

1.d4 Nf6 2.c4 g6 3.Nc3 d5 4.cxd5 Nxd5 5.e4 Nxc3 6.bxc3 Bg7 7.Bc4 O-O 8.Ne2 c5
9.O-O Nc6 10.dxc5 Qc7 11.Bb3 Rd8 12.Qc2 Na5 13.Be3 b6 14.cxb6 axb6 15.Bd5 Rb8
16.Rab1 Ba6 17.Rfc1 e6 18.Nf4 exd5 19.Nxd5 Rxd5 20.exd5 Nc4 21.Qe4 Nxe3 22.Qxe3 Bf8
23.a4 Bc5 24.Qe4 Bc8 25.Ra1 Bf5 26.Qf3 Bd6 27.h3 Ra8 28.c4 Ra5 29.Ra2 Bd7
30.Qe4 Qd8 31.Raa1 Qa8 32.h4 h5 33.Qc2 Qd8 34.Qe4 Qf6 35.Ra2 Bc5 36.Re1 Bd6
37.g3 Ra8 38.Qb1 Bc5 39.Qc2 Qf3 40.Kh2 Qg4 41.Qd3 Bf5 42.Qf1 Bd6 43.Kg1 Rc8
44.Rae2 Rxc4 45.Re8+ Kh7 46.Rc1 Rxa4 47.Ra1 Bc5 48.Rxa4 Qxa4 49.Qe1 Qd4 50.Rd8 Be4
51.d6 Bc6 52.d7 Qd5 53.Kf1 Qh1+ 54.Ke2 Qe4+ 55.Kf1 Bb5+  0-1

[Event "Schachbundesliga 2011-12"]
[Site "Solingen GER"]
[Date "2012.02.04"]
[Round "8"]
[White "Hirneise,T"]
[Black "Naumann,Al"]
[Result "1/2-1/2"]
[WhiteElo "2446"]
[BlackElo "2546"]

1.d4 Nf6 2.c4 g6 3.Nc3 d5 4.cxd5 Nxd5 5.e4 Nxc3 6.bxc3 Bg7 7.Ba3 Nd7 8.Nf3 c5
9.Qb3 O-O 10.Be2 Rb8 11.e5 e6 12.O-O b5 13.dxc5 Nxe5 14.Rad1 Qf6 15.c6 Nxc6
16.Bxf8 Bxf8 17.Nd4 Na5 18.Qc2 a6 19.Bf3 Nc4 20.Rfe1 Kg7 21.Qe2 Ba3 22.Nc6 Rb6
23.Ne5 Nxe5 24.Qxe5 Qxe5 25.Rxe5 Bd6 26.Re3 Kf6 27.Red3 Ke7 28.g4 h6 29.Rb1 Bc5
30.Be4 e5 31.h3 f5 32.gxf5 gxf5 33.Bg2 Rg6 34.Kf1 e4 35.Rg3 Rxg3 36.fxg3 Be6
37.Rb2 Bc4+ 38.Ke1 Bd6 39.g4 fxg4 40.hxg4 e3 41.Bf3 Be5 42.Rc2 Bd3 43.Rc1 Bc4
44.Rc2 Bd3 45.Rc1 Bc4  1/2-1/2

[Event "85th ch-St Petersburg SF"]
[Site "St Petersburg RUS"]
[Date "2012.02.04"]
[Round "8.1"]
[White "Rozum,I"]
[Black "Levin,Ev"]
[Result "1/2-1/2"]
[WhiteElo "2475"]
[BlackElo "2498"]

1.d4 Nf6 2.c4 g6 3.Nc3 d5 4.cxd5 Nxd5 5.e4 Nxc3 6.bxc3 Bg7 7.Nf3 c5 8.Rb1 O-O
9.Be2 Nc6 10.d5 Bxc3+ 11.Bd2 Bxd2+ 12.Qxd2 Na5 13.h4 Bg4 14.Ng5 Bxe2 15.Kxe2 h6
16.Nf3 Kh7 17.e5 Nc4 18.Qd3 Nb6 19.h5 Qxd5 20.hxg6+ fxg6 21.Ng5+ Kg7 22.Qxd5 Nxd5
23.Ne6+ Kf7 24.Nxf8 Nc3+ 25.Ke3 Nxb1 26.Rxb1 Rxf8 27.Rxb7 Ke6 28.Rxa7 g5
29.Rc7 Ra8 30.Rxc5 Rxa2 31.Rc6+ Kxe5 32.Rxh6 Ra3+ 33.Ke2 Kf5 34.Rb6 Ra2+
35.Ke3 Ra3+ 36.Ke2 e6 37.g3 Ra2+ 38.Kf3 Ra3+ 39.Kg2 Rc3 40.Rb5+ Kf6 41.Ra5  1/2-1/2

[Event "TCh-SWE 2011-12"]
[Site "Sweden SWE"]
[Date "2012.02.04"]
[Round "5"]
[White "Ahlander,B"]
[Black "Hagen,Andr"]
[Result "1-0"]
[WhiteElo "2422"]
[BlackElo "2454"]

1.d4 Nf6 2.c4 g6 3.Nc3 d5 4.cxd5 Nxd5 5.e4 Nxc3 6.bxc3 Bg7 7.Bc4 c5 8.Nf3 O-O
9.h3 Qc7 10.Bb3 b6 11.O-O Bb7 12.e5 c4 13.Bc2 Bd5 14.Ng5 Nd7 15.f4 f5 16.g4 e6
17.gxf5 exf5 18.Qe1 Rfe8 19.Qh4 Nf8 20.Ba3 h6 21.Nf3 Ne6 22.Qg3 Kh7 23.Nh4 Qf7
24.Ng2 Bf8 25.Ne3 Nc7 26.Bxf8 Rxf8 27.Kh2 Rac8 28.Rg1 Be6 29.h4 h5 30.Qf3 Nd5
31.Rg5 Nxe3 32.Qxe3 Kh6 33.Rag1 Rg8 34.Qh3 Rcd8 35.Bd1 Bd5 36.Bf3 Bxf3 37.Qxf3 Rd5
38.Qg2 Rdd8 39.Qc6 Rc8 40.Rxg6+ Rxg6 41.Rxg6+ Qxg6 42.Qxc8 Qg4 43.Qh8+ Kg6
44.Qg8+ Kh6 45.Qxg4  1-0

[Event "Moscow Open 2012 A"]
[Site "Moscow RUS"]
[Date "2012.02.05"]
[Round "9.85"]
[White "Subbotin,An"]
[Black "Lee Sanghoon"]
[Result "0-1"]
[WhiteElo "2044"]
[BlackElo "2142"]

1.d4 Nf6 2.c4 g6 3.Nc3 d5 4.cxd5 Nxd5 5.e4 Nxc3 6.bxc3 Bg7 7.Bc4 O-O 8.Ne2 c5
9.O-O Nc6 10.Be3 Bg4 11.f3 Bd7 12.Rc1 Rc8 13.Qd2 Qa5 14.Rfd1 Rfd8 15.Qb2 b5
16.Qxb5 Qxb5 17.Bxb5 Nxd4 18.Nxd4 cxd4 19.Bxd7 Rxd7 20.cxd4 Rxc1 21.Rxc1 Bxd4
22.Bxd4 Rxd4 23.Rc2 e6 24.Kf2 Ra4 25.Ke2 g5 26.Kf2 Kg7 27.Kg3 Kg6 28.Rd2 h5
29.Rc2 h4+ 30.Kf2 Ra3 31.h3 Kf6 32.Rd2 Ke5 33.Rc2 a5 34.Rd2 a4 35.Ke2 f6
36.Kf2 Kf4 37.Re2 Rc3 38.Re1 a3 39.Re2 Rc1 40.Re3 Rc2+ 41.Re2 Rb2 42.Kf1 Kg3
43.e5 Rxe2 44.Kxe2 fxe5 45.Kf1 e4 46.fxe4 e5 47.Kg1 Kf4 48.Kf2 Kxe4 49.Ke2 Kf4
50.Kf2 e4  0-1

[Event "11th Aeroflot Open B"]
[Site "Moscow RUS"]
[Date "2012.02.08"]
[Round "2"]
[White "Hayrapetian,O"]
[Black "Deepan,C"]
[Result "1-0"]
[WhiteElo "2406"]
[BlackElo "2495"]

1.d4 Nf6 2.c4 g6 3.Nc3 d5 4.cxd5 Nxd5 5.e4 Nxc3 6.bxc3 Bg7 7.Nf3 O-O 8.Rb1 b6
9.Be3 Bb7 10.Bd3 c5 11.O-O Nd7 12.Qe2 Rc8 13.e5 cxd4 14.cxd4 Bd5 15.Ng5 f5
16.Nh3 Nb8 17.Nf4 Bf7 18.Rfd1 Kh8 19.h4 Qd7 20.f3 e6 21.Bc4 Qe7 22.g3 Nc6
23.Bf2 Rfd8 24.a4 Bh6 25.Qa2 Bxf4 26.gxf4 Na5 27.Ba6 Rc3 28.Kg2 Qc7 29.Rd2 Qc6
30.d5 Rxd5 31.Rxd5 exd5 32.e6 Bxe6 33.Bd4+ Kg8 34.Bxc3 Qxc3 35.Qe2 Bf7 36.Kg3 Nb3
37.h5 gxh5 38.Qe5 Qxe5 39.fxe5 Nc5 40.Bc8 Bg6 41.Rd1 f4+ 42.Kxf4 Nd3+ 43.Ke3 Nxe5
44.Rxd5 Nc4+ 45.Kd4 Nd2 46.f4 Nb3+ 47.Ke5 Nc5 48.f5 Be8 49.Kf6 Kf8 50.Be6 Bxa4
51.Rd8+ Be8 52.Ra8 a5 53.Ke5 Nd3+ 54.Kd6  1-0

[Event "FSFMA2 February"]
[Site "Budapest HUN"]
[Date "2012.02.10"]
[Round "7.4"]
[White "Koczo,K"]
[Black "Darazs,Z"]
[Result "0-1"]
[WhiteElo "2152"]
[BlackElo "2101"]

1.d4 Nf6 2.c4 g6 3.Nc3 d5 4.cxd5 Nxd5 5.e4 Nxc3 6.bxc3 Bg7 7.Be3 c5 8.Rc1 O-O
9.Qd2 Qa5 10.d5 e6 11.c4 Qxd2+ 12.Kxd2 b6 13.Bd3 Bb7 14.Ne2 Nd7 15.Nc3 Ne5
16.Be2 Ba6 17.Nb1 Rfd8 18.Ke1 exd5 19.exd5 Rab8 20.f4 Nd7 21.a4 Re8 22.Kf2 Re7
23.Rhe1 Rbe8 24.Bf3 Rxe3 25.Rxe3 Bd4 26.Rc3 Bxc4 27.Na3 Ba6 28.d6 Re6 29.Nc2 Bxe3+
30.Nxe3 Rxd6 31.Nd5 Bb7 32.Ne7+ Kf8 33.Nxg6+ fxg6 34.Bxb7 Rd4 35.Kf3 Rxa4
36.Bc6 Rd4 37.Ra3 Rd6 38.Bb5 a5 39.Rb3 Ke7 40.g4 Rd4 41.Bxd7 Rxd7 42.Rxb6 Ra7
43.Rc6 a4 44.Rxc5 a3 45.Rc1 a2 46.Ra1 Kd6 47.h4 h5 48.f5 gxf5 49.gxh5 Ke5
50.Re1+ Kf6 51.Ra1 Ra3+ 52.Kf4 Ra4+ 53.Kg3 Kg7 54.Kf3 Kh6 55.Kg3 Kxh5 56.Kf3 Kxh4
57.Rh1+ Kg5 58.Rg1+ Kf6 59.Ra1 Ke5 60.Re1+ Kd4  0-1

[Event "Frauenbundesliga 2011-12"]
[Site "Germany GER"]
[Date "2012.02.11"]
[Round "8.2"]
[White "Savina,A"]
[Black "Jaracz,B"]
[Result "0-1"]
[WhiteElo "2336"]
[BlackElo "2272"]

1.d4 Nf6 2.c4 g6 3.Nc3 d5 4.cxd5 Nxd5 5.e4 Nxc3 6.bxc3 Bg7 7.Qa4+ Nd7 8.Nf3 O-O
9.Bg5 c5 10.Rd1 cxd4 11.cxd4 h6 12.Be3 Nb6 13.Qa3 Bg4 14.h3 Bxf3 15.gxf3 e6
16.h4 h5 17.Bb5 a6 18.Be2 Nc8 19.d5 exd5 20.Rxd5 Qf6 21.Kf1 Na7 22.Kg2 Nc6
23.Rb1 Rab8 24.Bg5 Qe6 25.Qd6 b5 26.Qxe6 fxe6 27.Rd6 Nd4 28.Bd1 a5 29.Bb3 Rfe8
30.f4 a4 31.Bd1 Kh7 32.e5 Nf5 33.Ra6 Bf8 34.Bf3 Rec8 35.Rxe6 Rc2 36.Be4 Rxa2
37.Bxf5 gxf5 38.Rc1 Rb7 39.Re8 Bg7 40.Be7 b4 41.Rcc8 b3 42.Rb8 Rxb8 43.Rxb8 b2
44.Bd6 a3 45.e6 Bf6 46.Bxa3 Rxa3 47.e7 Bxe7  0-1

[Event "TCh-LTU 2012"]
[Site "Lithuania LTU"]
[Date "2012.02.11"]
[Round "4"]
[White "Genutis,M"]
[Black "Laurusas,T"]
[Result "0-1"]
[WhiteElo "2322"]
[BlackElo "2369"]

1.d4 Nf6 2.c4 g6 3.Nc3 d5 4.cxd5 Nxd5 5.e4 Nxc3 6.bxc3 Bg7 7.Nf3 c5 8.Rb1 O-O
9.Be2 b6 10.O-O Bb7 11.Qd3 Qc7 12.Bg5 Nd7 13.Qe3 e5 14.Bh6 exd4 15.cxd4 cxd4
16.Nxd4 Bxh6 17.Qxh6 Bxe4 18.Rb3 Qe5 19.Rd1 Nc5 20.Rh3 Qg7 21.Qc1 Rfd8 22.Nb5 Rxd1+
23.Qxd1 Qf6 24.Re3 Rd8 25.Qe1 a6 26.Nc3 Bc6 27.h3 b5 28.a3 Ne6 29.Bf3 Nf4
30.Ne4 Bxe4 31.Bxe4 Qd4 32.Bb7 Rd6 33.Qc1 Nd3 34.Qc7 Kg7 35.Be4 Qa1+ 36.Kh2 Qe5+
37.g3 Nxf2 38.Bxg6 Ng4+ 39.hxg4 Rd2+  0-1

[Event "TCh-SVK Extraliga 2011-12"]
[Site "Slovakia SVK"]
[Date "2012.02.11"]
[Round "7.4"]
[White "Straka,Joz"]
[Black "Banas,J"]
[Result "1-0"]
[WhiteElo "1993"]
[BlackElo "2318"]

1.d4 Nf6 2.c4 g6 3.Nc3 d5 4.cxd5 Nxd5 5.e4 Nxc3 6.bxc3 Bg7 7.Bg5 c5 8.Rc1 Qa5
9.Qd2 h6 10.Be3 cxd4 11.cxd4 Qxd2+ 12.Kxd2 O-O 13.Nf3 e6 14.Bc4 Nd7 15.Ke2 Nf6
16.Nd2 Bd7 17.f3 Rfc8 18.Rb1 Bc6 19.Bd3 Rd8 20.Rhc1 Ne8 21.Nb3 a5 22.Nc5 Bxd4
23.Nxb7 Bxb7 24.Rxb7 Bxe3 25.Kxe3 Nd6 26.Rb6 Nc8 27.Ra6 Rxa6 28.Bxa6 Nd6
29.g4 Kf8 30.e5 Ne8 31.Rc8 Rxc8 32.Bxc8 Ke7 33.Kd4 g5 34.Kc5 f6 35.exf6+ Kxf6
36.Bd7 Nc7 37.Kb6 Nd5+ 38.Kxa5 Ke5 39.a4 Kd6 40.Bc8 e5 41.Bb7 Nc3 42.Kb4 Na2+
43.Kc4 Nc1 44.a5 Ne2 45.a6  1-0